Property rights to tribals : (Record no. 6153)

MARC details
000 -LEADER
fixed length control field 00513cam a2200205ua 4500
001 - CONTROL NUMBER
control field 7018
005 - DATE AND TIME OF LATEST TRANSACTION
control field 20260515114137.0
008 - FIXED-LENGTH DATA ELEMENTS--GENERAL INFORMATION
fixed length control field 141119n ii |||gr||||Z||||||eng
020 ## - INTERNATIONAL STANDARD BOOK NUMBER
International Standard Book Number 9789381142660
040 ## - CATALOGING SOURCE
Transcribing agency MAIN
041 ## - LANGUAGE CODE
Language code of text/sound track or separate title eng
082 ## - DEWEY DECIMAL CLASSIFICATION NUMBER
Classification number 323
100 ## - MAIN ENTRY--PERSONAL NAME
Personal name Mishra, Swapnendu,
Relator term Author.
245 1# - TITLE STATEMENT
Title Property rights to tribals :
Remainder of title Comparative study /
Statement of responsibility, etc. By Swapnendu Mishra .
250 ## - EDITION STATEMENT
Edition statement 1st.
260 ## - PUBLICATION, DISTRIBUTION, ETC.
Place of publication, distribution, etc. Delhi:
Name of publisher, distributor, etc. Manglam,
Date of publication, distribution, etc. 2013.
300 ## - PHYSICAL DESCRIPTION
Extent xiii,171p.
653 ## - INDEX TERM--UNCONTROLLED
Uncontrolled term Human rights
942 ## - ADDED ENTRY ELEMENTS (KOHA)
Koha item type Books
Holdings
Withdrawn status Lost status Damaged status Not for loan Home library Current library Shelving location Date acquired Total checkouts Full call number Barcode Date last seen Copy number Price effective from Koha item type
        Naharkatiya College Library Naharkatiya College Library General stacks 09/19/2020   323.4 | MIS 21509 09/19/2020 1 09/19/2020 Books